000 00697nam a22001577a 4500
003 OSt
005 20151003170043.0
008 151003b xxu||||| |||| 00| 0 eng d
040 _cRUA
082 _aAVM PRE 1998 B071 Or.1
100 _91950
_aPREAP, PRATHNA.
245 _aGender aspects in small-scale pig raising (case studies in baphnom district prey veng province), ការចិញ្ចឹមជ្រូកជាលក្ខណៈគ្រួសារដោយផ្តោតទៅលើបញ្ហាយេនឌ័រនៅស្រុកបាភ្នំ ខេត្ដ​ព្រៃវែង
260 _aPhnom Penh
_bRUA
_c1998
300 _a38p.
_bill.
_c29cm.
942 _2ddc
_cAVM
999 _c1844
_d1844